[Event "Livry-Gargan 2009"]
[Site "Livry-Gargan"]
[Date "2009.05.10"]
[Round "8"]
[White "Feller, S."]
[Black "Edouard, R."]
[Result "1-0"]
[WhiteElo "2360"]
[BlackElo "2560"]
[Time "00:01:48/00:03:41"]

 1. d4 Nf6 2. c4 e6 3. Nf3 c5 4. d5 d6 5. Nc3 exd5 6. cxd5 g6 7. g3 Bg7 8. Bg2 O-O 9. O-O a6 10. a4 Nbd7 11. h3 Rb8 12. Bf4 Qe7 13. a5 b5 14. axb6 Nxb6 15. e4 Nh5 16. Bg5 Bf6 17. Bh6 Bg7 18. Bxg7 Kxg7 19. Re1 Nc4 20. Qe2 Ne5 21. Nxe5 Qxe5 22. f4 Qd4+ 23. Kh2 Qb4 24. Qf3 Kg8 25. e5 Bb7 26. Re4 Qxb2 27. Rb1 Qd2 28. Re2 Qd4 29. Rd1 Qb4 30. Ne4 dxe5 31. fxe5 Qa4 32. Rdd2 Rbe8 33. g4 Rxe5 34. gxh5 Rf5 35. Qg4 c4 36. Nd6 Bc8 37. Nxf5 Bxf5 38. Qd4 gxh5 39. d6 1-0

[Event "Livry-Gargan 2009"]
[Site "Livry-Gargan"]
[Date "2009.05.10"]
[Round "8"]
[White "Moussard, J."]
[Black "Tregubov, P."]
[Result "1-0"]
[WhiteElo "2440"]
[BlackElo "2660"]
[Time "00:01:36/00:00:00"]

 1. g3 c5 2. Bg2 Nc6 3. Nf3 g6 4. O-O Bg7 5. c4 d6 6. Nc3 e5 7. d3 Nge7 8. Bd2 O-O 9. a3 h6 10. Rb1 a5 11. Ne1 Be6 12. Nc2 d5 13. cxd5 Nxd5 14. Ne3 Nde7 15. Nc4 Rb8 16. Nb5 Nf5 17. Bxc6 bxc6 18. Bxa5 Qe7 19. Nc3 Qa7 20. b4 cxb4 21. axb4 Bxc4 22. dxc4 Ne3 23. fxe3 Qxe3+ 24. Kg2 Qxc3 25. Rc1 Qd4 26. Qc2 h5 27. Rcd1 Qg4 28. h3 Qe6 29. c5 e4 30. Rd6 Qe5 31. Rf4 Rbe8 32. Qb3 g5 33. Rf1 e3 34. Qd3 h4 35. Rf3 f5 36. Rg6 f4 37. b5 Qxc5 38. Bc3 Re7 39. bxc6 Rc8 40. Bb2 Rxc6 41. Ba3 Qc2 42. Rxc6 Qxd3 43. exd3 e2 44. Bb4 e1=Q 45. Bxe1 Rxe1 46. gxf4 Bd4 47. Rg6+ Kf7 48. Rxg5 Kf6 49. Rg4 Kf5 50. Rf1 Re2+ 51. Kh1 Re3 52. Rxh4 Rxd3 53. Rh5+ Kg6 54. Rg5+ Kf6 55. Kg2 Rd2+ 56. Kg3 Rd3+ 57. Kg4 Be3 58. Rf3 Ra3 59. Rf5+ Kg6 60. Re5 1-0

[Event "Livry-Gargan 2009"]
[Site "Livry-Gargan"]
[Date "2009.05.10"]
[Round "9"]
[White "Kazhgaleyev, M."]
[Black "Shchekachev, A."]
[Result "1-0"]
[WhiteElo "2750"]
[BlackElo "2770"]
[Time "00:02:07/00:00:00"]

 1. d4 Nf6 2. c4 g6 3. Nc3 Bg7 4. e4 d6 5. h3 O-O 6. Bg5 a6 7. Bd3 Nbd7 8. Nf3 c6 9. O-O b5 10. e5 dxe5 11. dxe5 Nc5 12. Bc2 Nfd7 13. Qe2 Ne6 14. Bh4 Nb6 15. Rfd1 Qc7 16. Bb3 Nxc4 17. Bxc4 bxc4 18. Qxc4 Bb7 19. Bg3 Rfd8 20. Ne4 c5 21. Neg5 Nxg5 22. Nxg5 e6 23. Qh4 h6 24. Ne4 Bxe4 25. Qxe4 c4 26. Rd6 Bf8 27. Rad1 Bxd6 28. exd6 Qc5 29. Be5 f5 30. Qf4 g5 31. Qg3 Kf7 32. h4 f4 33. Qc3 Rd7 34. b4 Qc6 35. Qc2 Rf8 36. h5 Ke8 37. Qg6+ Kd8 38. Qxh6 Re8 39. Qxg5+ Kc8 40. Qxf4 Rg8 41. f3 Kb7 42. h6 c3 43. Rc1 c2 44. Bg7 Rdxg7 45. hxg7 Rxg7 46. Qe3 Qxd6 47. Qe4+ Qc6 48. Qxc6+ Kxc6 49. Rxc2+ Kb5 50. a3 Ka4 51. Rc3 Rg5 52. Kf2 Rg8 53. g4 1-0

[Event "Livry-Gargan 2009"]
[Site "Livry-Gargan"]
[Date "2009.05.10"]
[Round "9"]
[White "Brunner, N."]
[Black "Guliyev, N"]
[Result "1/2-1/2"]
[WhiteElo "2400"]
[BlackElo "2650"]
[Time "00:15:35/00:16:52"]

 1. d4 d5 2. c4 e6 3. Nc3 Nf6 4. cxd5 exd5 5. Bg5 c6 6. e3 h6 7. Bh4 Bf5 8. Qf3 Be6 9. Bxf6 gxf6 10. Bd3 Nd7 11. Nge2 Bd6 12. Ng3 Qb6 13. O-O-O O-O-O 14. Kb1 Kb8 15. Nf5 Bb4 16. Rc1 Ka8 17. Rhd1 Qa5 1/2-1/2

[Event "Livry-Gargan 2009"]
[Site "Livry-Gargan"]
[Date "2009.05.10"]
[Round "9"]
[White "Fressinet, L."]
[Black "Moussard, J."]
[Result "1-0"]
[WhiteElo "2580"]
[BlackElo "2440"]
[Time "00:10:35/00:03:12"]

 1. e4 c5 2. Nc3 a6 3. Nge2 d6 4. g3 b5 5. Bg2 Bb7 6. O-O g6 7. d4 cxd4 8. Nxd4 Bg7 9. a4 b4 10. Nd5 Bxd5 11. exd5 Nf6 12. Re1 O-O 13. a5 Qc7 14. Be3 Rc8 15. h3 Nfd7 16. Qd2 Qb7 17. Ra4 Rc4 18. b3 Rc3 19. Nc6 Nxc6 20. dxc6 Rxc6 21. Rxb4 Qc7 22. Bb6 Bc3 23. Qxc3 1-0

[Event "Livry-Gargan 2009"]
[Site "Livry-Gargan"]
[Date "2009.05.10"]
[Round "9"]
[White "Vaisser, A."]
[Black "Laborde, S."]
[Result "1-0"]
[WhiteElo "2650"]
[BlackElo "2320"]
[Time "00:04:24/00:00:25"]

 1. d4 Nf6 2. c4 d6 3. Nc3 Nbd7 4. g3 e5 5. e3 g6 6. Bg2 Bg7 7. Nge2 O-O 8. O-O c6 9. b3 Re8 10. Ba3 exd4 11. Nxd4 Nc5 12. Qc2 Qa5 13. Bb2 Ne6 14. Nxc6 bxc6 15. Bxc6 Bd7 16. Bxa8 Rxa8 17. Rad1 Qh5 18. Qe2 Ng4 19. f3 Ne5 20. Nd5 Ng5 21. Bxe5 Bxe5 22. h4 Nxf3+ 23. Qxf3 Qxf3 24. Rxf3 Bg4 25. Kf2 Bxf3 26. Kxf3 a5 27. Nb6 Ra7 28. Rd5 f6 29. Nc8 Ra6 30. Rb5 a4 31. Rb6 Rxb6 32. Nxb6 axb3 33. axb3 Kf7 34. g4 f5 35. g5 Bc3 36. Nd5 Be1 37. b4 Ke6 38. b5 Kd7 39. h5 gxh5 40. Nf6+ Kc7 41. Nxh7 h4 42. Nf6 h3 43. g6 1-0

[Event "Livry-Gargan 2009"]
[Site "Livry-Gargan"]
[Date "2009.05.10"]
[Round "9"]
[White "David, A."]
[Black "Aurel, L."]
[Result "1-0"]
[WhiteElo "2590"]
[BlackElo "2260"]
[Time "00:02:07/00:00:00"]

1. e4 c5 2. Nf3 Nc6 3. Bb5 g6 4. Bxc6 dxc6 5. d3 Bg7 6. h3 e5 7. Nc3 Qe7 8. Be3
Nf6 9. Qd2 h6 10. O-O Nd7 11. Nh2 Nf8 12. f4 exf4 13. Bxf4 Ne6 14. Bg3 Nd4 15.
Rae1 Be5 16. Bxe5 Qxe5 17. Nd1 Qg5 18. Ne3 O-O 19. c3 Ne6 20. Qf2 h5 21. Nc4 b5
22. Nf3 Qe7 23. Nce5 Bd7 24. d4 cxd4 25. cxd4 Rad8 26. d5 Ng5 27. Qxa7 Nxf3+
28. Nxf3 cxd5 29. exd5 Qd6 30. Rd1 Ra8 31. Qd4 Rxa2 32. Qe5 Qc5+ 33. Kh1 Re8
34. Qf6 Qe7 35. Qc3 Rc8 36. Qb3 Ra4 37. Rde1 Qd6 38. Ne5 Be8 39. Qf3 Rc7 40.
Nxg6 Qxg6 41. Rxe8+ Kg7 42. d6 Rd7 43. Qc3+ f6 44. Rg8+ Kxg8 45. Qc8+ Kg7 46.
Qxd7+ Qf7 47. Qxb5 Rd4 48. Qc5 Rd2 49. Qc3 Qd5 50. Qxf6+ Kh7 51. Qe7+ 1-0

[Event "Livry-Gargan 2009"]
[Site "Livry-Gargan"]
[Date "2009.05.10"]
[Round "9"]
[White "Fedorchuk, S."]
[Black "Laurent, J.G."]
[Result "0-1"]
[WhiteElo "2550"]
[BlackElo "2200"]
[Time "00:00:04/00:02:28"]

 1. e4 c5 2. Nf3 d6 3. d4 cxd4 4. Nxd4 Nf6 5. Nc3 g6 6. Be3 Bg7 7. f3 Nc6 8. Qd2 Bd7 9. O-O-O h5 10. Kb1 Rc8 11. Nxc6 bxc6 12. Bc4 Qa5 13. Rhe1 Rb8 14. Bb3 Be6 15. Bg5 Nd7 16. Nd5 Qxd2 17. Nc7+ Kf8 18. Nxe6+ fxe6 19. Bxd2 Nc5 20. Be3 Nxb3 21. axb3 a5 22. Bd4 Rb4 23. Bc3 Rb5 24. Rd3 Kf7 25. Bxg7 Kxg7 26. Rc3 c5 27. Rc4 Rb4 28. e5 Kf7 29. Rd1 Rxc4 30. bxc4 Rd8 31. Rd3 Ke8 32. Kc1 Kd7 33. Ra3 Ra8 34. Kd2 Kc6 35. Ke3 g5 36. Ke4 Rb8 37. b3 Kb6 38. Ra1 Rf8 39. g3 Rf5 40. exd6 exd6 41. f4 gxf4 42. gxf4 d5+ 43. cxd5 Rxd5 44. Rg1 Rd2 45. c4 Rxh2 46. Rg6 Kc7 47. f5 exf5+ 48. Kd5 f4 49. Rf6 Rf2 50. Kxc5 h4 51. Rf7+ Kd8 52. Rh7 f3 53. Rxh4 Rd2 54. Kb5 Rb2 55. Kc6 Rxb3 56. Rd4+ Ke7 57. Re4+ Kf6 58. c5 Kf5 59. Re8 Kf4 60. Kd5 f2 61. Rf8+ Kg3 62. c6 Rc3 63. Rg8+ Kh2 64. Rf8 Kg1 65. Rg8+ Kf1 66. Ra8 Ke2 67. Re8+ Kd1 68. Rf8 Ke2 69. Re8+ Kd2 70. Rf8 Ke1 71. Re8+ Kf1 72. Ra8 Ke2 73. Re8+ Re3 74. Rxe3+ Kxe3 75. c7 f1=Q 76. c8=Q Qb5+ 77. Kd6 a4 78. Qc3+ Ke4 79. Qg3 Qd5+ 80. Kc7 Qe5+ 81. Qxe5+ Kxe5 0-1

[Event "Livry-Gargan 2009"]
[Site "Livry-Gargan"]
[Date "2009.05.10"]
[Round "9"]
[White "Amigues, E."]
[Black "Agrest, E."]
[Result "0-1"]
[WhiteElo "2390"]
[BlackElo "2540"]
[Time "00:02:24/00:05:44"]

 1. d4 d6 2. c4 e5 3. d5 f5 4. e4 Nf6 5. exf5 Bxf5 6. Nc3 Be7 7. Nge2 Bg6 8. Ng3 e4 9. Be2 Nbd7 10. O-O Ne5 11. Qd4 c5 12. dxc6 Nxc6 13. Qe3 d5 14. cxd5 Nxd5 15. Nxd5 Qxd5 16. Rd1 Qc5 17. Qb3 Qb6 18. Qxb6 axb6 19. Be3 Bc5 20. Bh5 Bxh5 21. Nxh5 Bxe3 22. Nxg7+ Kf8 23. Rd7 Bh6 24. Ne6+ Kg8 25. Re1 e3 26. f4 Re8 27. Rxe3 Re7 28. Rxe7 Nxe7 29. Nd8 Kf8 30. g3 Rg8 31. Nxb7 Rg6 32. Nd8 Ke8 33. Ne6 Kd7 34. Nd4 Bxf4 35. Rf3 Bd6 36. Kg2 Be5 37. Rd3 Rd6 38. Nf3 Bxb2 39. Rb3 Bf6 40. g4 Kc7 41. g5 Bg7 42. h4 Nd5 43. Kg3 Re6 44. Rd3 Nb4 45. Rd2 Nc6 46. Rc2 Kb7 47. Rd2 Kc7 48. Rc2 Kd7 49. Rd2+ Rd6 50. Rf2 Rd3 51. Kg4 Re3 52. Rd2+ Ke7 53. Rd5 Re4+ 54. Kf5 Ra4 55. Rb5 Kf7 56. Rxb6 Ne7# 0-1